000 01311nam2a22002531 4500
001 rc\578084
005 20250621231238.0
035 _a(NLR Aleph) 005970784
090 _a6933382
_c6933382
100 _a20031121d1988 |||y0rusy50 ca
101 0 _arus
102 _aRU
105 _ay |||||||||
200 0 _aВып. 2
_f[Редкол.: Мшвениерадзе В.В., чл.-корр. АН СССР (отв. ред.) и др....
_gШамшурин В.И., к. филос. н. (сост.)]
210 _d1988
_aБ. м.
215 _a214 с.
225 1 _aСерия "История и теория международных отношений"
320 _aБиблиогр. в конце обзоров
461 0 _1001rc\578082
_12001#$aФилософские основания теорий международных отношений$eСб. обзоров$f[Сост., ред. и авт. предисл. Шамшурин В.И.]$vВып. 2
_96933364
_cМ.
_d1987-
_f[Сост., ред. и авт. предисл. Шамшурин В.И.]
_nИНИОН
_oСб. обзоров
_tФилософские основания теорий международных отношений
_vВып. 2
801 0 _aRU
_bNLR
_gpsbo
801 1 _aRU
_bELAR
_2rusmarc
852 _aNLR
_j88-3/2798
942 _cBOOK
980 _aNB